000 00701nam a2200217Ia 4500
003 GCL
008 140319s9999 xx 000 0 ara d
040 _aGCL /
_cGCL
082 0 4 _a537
_bب ا
100 1 _aبيلز، رالف 0ل
245 1 0 _aالانثربولوجيا العامة (الجزء الاول - الجزء الثانى) /
_cبيلز، رالف 0ل
700 1 _aمحمد محمود الجوهرى
490 _a
650 0 4 _aالعادات والتقاليد
650 0 4 _aاللغات
650 0 4 _aالسلالات البشرية
650 0 4 _aجسم الانسان
650 0 4 _aالانثربولوجيا
650 0 4 _aالتغير الاجتماعى
942 _2ddc
_cBK
999 _c44503
_d44503